00951nam a22002537a 45000010005000000030006000050050017000110080041000280200015000690400029000840500011001131000034001242450122001582500022002802600035003023000038003375050007003755200188003825210019005705210018005896500026006076500030006337000034006634570FISKH20240917100134.0240917b cb ||||| |||| 00| 0 eng d a059045224X aFISKHbengcFISKHdFISKH aPZ10.3 aPeterson, Johnd(1924–2002) aMystery in the night woods / cBy John Peterson illustrated by Cyndy Szekeres Cover illustration by Jacqueline Rogers aPublished in 1969 aNew York :bScholastic,c1969. a80 pages :billustrations ;c20cm aO  aWeasel is after something, and he's going to trick Flying Squirrel to get it. But Flying Squirrel has a friend, Mr. Bat, who isn't going to sit around and let Weasel get away with it!8 a600L bLexile 8 aO bRaz-Plus  2MysteryaChapter book 2AnimalsaBackyard animals aSzekeres, CyndydIllustrator